Climate variability and agriculture

Αποθηκεύτηκε σε:
Λεπτομέρειες βιβλιογραφικής εγγραφής
Άλλοι συγγραφείς: Abrol, Y. P. 1935- (Επιμελητής έκδοσης), Gadgil, Sulochana (Επιμελητής έκδοσης), Pant, Govid Ballabh (Επιμελητής έκδοσης)
Μορφή: Βιβλίο
Γλώσσα:English
Δημοσίευση: London : Narosa Publishing House, c1996
Θέματα:
Ετικέτες: Προσθήκη ετικέτας
Δεν υπάρχουν, Καταχωρήστε ετικέτα πρώτοι!

MARC

LEADER 00000nam a2200000 i 4500
001 1/15132
008 010110s1996 eng d
020 |a 81-7319-078-X 
035 |l 10065275 
040 |a GR-MY-UA  |b gre  |e aacr 
041 0 |a eng 
082 0 |a 630.2515 
245 1 0 |a Climate variability and agriculture /  |c editors Yash P. Abrol, Sulochhana Gadgil, Govind B. Pant 
260 |a London :   |b Narosa Publishing House,   |c c1996 
300 |a viii, 410 p.  |b ill. 
504 |a Includes bibliographical references and index 
650 0 0 |a Crops and climate. 
650 0 0 |a Meteorology, Agricultural. 
650 0 0 |a Climatic changes. 
700 1 |a Abrol, Y. P.  |d 1935-  |4 edt 
700 1 |a Gadgil, Sulochana.  |4 edt 
700 1 |a Pant, Govid Ballabh.  |4 edt 
852 |a INST  |b LESVOS  |e 20010110  |h 630.2515 CLI  |p 005100029028  |q 005100029028  |t BK  |y 0 
901 |a BIBL1-2001-1 
909 |a Λ  |b 084262 
922 |a 1ΕΛΗ  |b 200012  |c ΤΑΚ/ΤΓ  |d ΜΙΧΑΛΟΠΟΥΛΟΣ 
950 |a 118-1999-09-03 
970 |a ΤΖΑΦΕΡΗ  |b ΕΥΑΓΓΕΛΙΑ  |z 2001/03/30